000 01660nam a2200193 a 4500
008 120515t1982 ag |||g |||| 001 0 spa d
020 _a950654
041 _aspa
092 _c808
_l65
_sPAD
100 1 _aPadilla, Lila
_93525
245 3 _aDe santones y hechiceros /
_cLila Padilla
250 _a1a ed.
260 _aBuenos Aires:
_bEnrique S. Rueda Editor;
_c1982.
300 _a182 p.
500 _aPadilla, L. (1982). De santones y hechiceros. (1a ed.). Buenos Aires : Enrique S. Rueda editor.
505 _aNovela tensa, dramática, de acertada trama, Lila Padilla retoma en "De santones y hechiceros" personajes que nos son familiares pues Osvaldo y el profesor nacieron en "De arcángeles y demonios". Sin embargo, el clima es otro; ya no la ciudad sino un vallecito tucumano apeñuscado entre serranías, donde habita un pequeño conglomerado social, lo suficientemente numeroso como para mostrar que en todos que en cada uno el bien y el mal coexisten como faces de una misma moneda. La nobleza del agonista contrastando con el ambiente, las gentes posesas de miedos, supersticiones, horrores del más allá, Isidora y el profesor, revelando que ignaros o cultos destruyen cuanto los rodea cuando la perversidad o el odio los convulsionan confieren al libro un todo muy singular. Criaturas que transitan por las páginas en carne y en entraña, se las oye respirar, o tiemblan sus palabras con la carga de tensiones. Excelente el diálogo jugado entre el hablar culto y el natural del resto, unido al encanto de las descripciones del paisaje, esta novela puede esperar la franca adhesión del lector.
655 _aNovela
_93091
942 _2ddc
_cBK
999 _c2674
_d2674